Ιστορία κριτική περί αρχής και καταλύσεως των αρχαίων πολιτειών : εκ μελέτης και κρίσεως άγγλου συγγραφέως

Αποθηκεύτηκε σε:
Λεπτομέρειες βιβλιογραφικής εγγραφής
Κύριος συγγραφέας: Montagu, Edward Wortley, 1713-1776
Άλλοι συγγραφείς: Γρυπάρης, Κωνσταντίνος Α. (Μεταφραστής)
Μορφή: Βιβλίο
Γλώσσα:Greek
Δημοσίευση: Εν Αθήναις : Εκ της τυπογραφίας Ν. Αγγελίδου, 1851.
Θέματα:
Ετικέτες: Προσθήκη ετικέτας
Δεν υπάρχουν, Καταχωρήστε ετικέτα πρώτοι!

MARC

LEADER 00000cam a2200000 a 4500
001 1/118359
008 190404s1851####gr | ||| |||| ||gre||
040 |a GR-MyUa  |b gre  |c GR-MyUa  |e AACR2 
041 0 |a gre 
082 7 |a 938.1   |2 (23) 
100 1 |a Montagu, Edward Wortley,  |d 1713-1776. 
245 1 0 |a Ιστορία κριτική περί αρχής και καταλύσεως των αρχαίων πολιτειών :   |b εκ μελέτης και κρίσεως άγγλου συγγραφέως /   |c εις αγγλικήν μεν γλώσσαν συγγραφείσα εκ δε της γαλλικής κατά τον Κατουήλον μεταφράσεως εις την ημετέραν των ελλήνων μεθερμηνευθείσα παρά Κωνστίνου Α. Γρυπάρη. 
260 |a Εν Αθήναις :   |b Εκ της τυπογραφίας Ν. Αγγελίδου,   |c 1851. 
300 |a ιε, 188 [4]σ. ;   |c 20 εκ. 
500 |a Περιέχει βιβλιογραφικές παραπομπές. 
650 0 |a History, Ancient. 
700 1 |a Γρυπάρης, Κωνσταντίνος Α.  |e trl 
852 |a INST  |b RHODES  |e 20190404  |h 938.1 MON  |p 005400040530  |q 005400040530  |t BK  |y 0 
970 |a ΚΟΖΑ   |b ΜΑΡΙΑ  |z 2019/04/04